Statistics for Percy Jackson and the Olympians Characters

Click here to take the quiz!

General Stats

  • This quiz has been taken 521 times
    (520 since last reset)
  • The average score is 22 of 32

Answer Stats

Hint Answer % Correct
SatyrGrover
99%
Daughter of AthenaAnnabeth
99%
Son of PosidonPercy
98%
Son of HadesNico
97%
God of LightningZeus
84%
God of WarAres
84%
Goddess of WisdomAthena
83%
Percy's Half BrotherTyson
83%
God of the UnderworldHades
81%
Main VillianKronos
80%
God of War's DaughterClarisse
80%
Percy's MomSally
77%
Goddess of MarriageHera
77%
God of the SunApollo
77%
God of the WildPan
76%
Titan who holds up the SkyAtlas
74%
Hero of the ProphceyLuke
73%
Stoll twin starts with TTravis
72%
Percy's MentorChiron
72%
Percy's step fatherGabe
72%
Stoll twin starts with CConnor
71%
Auntie EmMedusa
70%
Percy's DogMrs. O'Leary
66%
Mortal who can see through the mist; met in book 3Rachel Elizabeth Dare
53%
Pretended to be Clarisse, Head of Aphrondite CabinSilena
53%
Ferryman who shuttles Percy along the River StyxCharon
49%
Luke's Second in CommandEthan
40%
Boyfriend to Head of Aphrondite cabinBeckendorf
37%
God of SeaPosidon
36%
Son of Dionysus who lives in The Battle of the LabyrinthPollux
26%
Older sister to Son of HadesThalia
17%
Percy's Old Math TeacherMrs. Dobbs
10%

Score Distribution

Percentile by Number Answered

Percent of People with Each Score

Your Score History

You have not taken this quiz since the last reset